LEADER 01507nam a2200337 u 4500 001 000000067051 003 CaOOAMICUS 005 20070226121638.0 008 020131s2000 it be u000 u ita u 035 $a10918776 040 $aPUL$bita 245 00$aDizionario di Paolo e delle sue lettere /$ca cura di G.F.Hawthorne, R.P. Martin, D.G. Reid ; edizione italiana a cura di Romano Penna. 250 $a2. ed. 260 $aCinisello Balsamo :$bSan Paolo,$c2000. 300 $axlvii, 1871 p., [10] p. di tav. :$bill., piante ;$c22 cm 490 1 $aI dizionari 500 $aTit. orig.: "Dictionary of Paul and his letters". 500 $a"Indice dei passi biblici citati": p. [1735]-1786. 504 $aContiene bibliografia in nota. 600 04$aPaulus,$cs., apostolo.$0(OLS)http://pul/subject/417 700 1 $aHawthorne, Gerald F.$0(OLS)http://pul/name/44826 700 1 $aPenna, Romano,$d1937-$0(OLS)http://pul/name/11954 700 1 $aReid, Daniel G.$0(OLS)http://pul/name/44828 700 1 $aMartin, Ralph P.$0(OLS)http://pul/name/44827 830 0$aDizionari San Paolo.$0(OLS)http://pul/title/39764 850 $aPUL 852 $aPUL$W1$xSL Cons. Gen., Altre Classi 1$y1$m2005 E 8a$j86726$nBK-PRI$b $qStampati$B86726$CPULBib$Z2$F86726 $H $81 941 1 $a8 961 $aINV: 80355 996 $6245$aDizionario di Paolo e delle sue lettere$9(OLS)http://pul/title/88958 996 $6260$aCinisello Balsamo :$bSan Paolo$9(OLS)http://pul/publisher/54577 LEADER 01590nam a2200325 u 4500 001 000000115679 003 CaOOAMICUS 005 20090514144329.0 008 090514s2009 it u000 u ita r 040 $aPUL$bita$dLDB 041 1 $aita$hger 100 1 $aCarnap, Rudolf,$d1891-1970.$0(OLS)http://pul/name/10976 240 10$aLogische Aufbau der Welt.$lItaliano.$0(OLS)http://pul/title/51491 245 10$aCarnap. 260 $aMilano :$bMondadori,$cc2009. 300 $a518 p. ;$c18 cm. 490 1 $aI classici collezione del pensiero ;$v56 504 $aInclude riferimenti bibliografici e indici. 505 0 $aCronologia di Carnap ; La costruzione logica del mondo ; Pseudoproblemi nella filosofia / a cura di Emanuele Severino, introduzione di Emanuele Severino, nota bibliografica di Mauro Sacchetto 650 4$aFilosofia della scienza.$0(OLS)http://pul/subject/5136 700 12$aCarnap, Rudolf,$d1891-1970.$tScheinprobleme in der Philosophie.$lItaliano.$0(OLS)http://pul/name/71738 700 1 $aSeverino, Emanuele,$d1929-2020.$0(OLS)http://pul/name/4702 740 02$aPseudoproblemi nella filosofia. 830 2$aI classici del pensiero (Mondadori) ;$v56.$0(OLS)http://pul/title/140256 850 $aPUL 852 $aPUL$W1$xSL Filosofia 3$y81$m180 COLL 1.56$j132497$qDDC 21$B131495$CPULBib$Z2$F131495 $H110402 $82 941 1 $a9 996 $6245$aCarnap$9(OLS)http://pul/title/145347 996 $6740$aPseudoproblemi nella filosofia$9(OLS)http://pul/title/145348 996 $6260$aMilano :$bMondadori$9(OLS)http://pul/publisher/50297